The finite element method in engineering / (Record no. 725)

000 -LEADER
fixed length control field 00436 a2200133 4500
020 ## - INTERNATIONAL STANDARD BOOK NUMBER
International Standard Book Number 0750678283 (alk. paper)
082 ## - DEWEY DECIMAL CLASSIFICATION NUMBER
Classification number 620.0015182 RAO
100 ## - MAIN ENTRY--PERSONAL NAME
Personal name Rao, S. S.
245 ## - TITLE STATEMENT
Title The finite element method in engineering /
Statement of responsibility, etc. Singiresu S. Rao.
250 ## - EDITION STATEMENT
Edition statement 4th ed.
260 ## - PUBLICATION, DISTRIBUTION, ETC.
Place of publication, distribution, etc. Amsterdam ;
-- Boston, MA :
Name of publisher, distributor, etc. Elsevier/Butterworth Heinemann,
Date of publication, distribution, etc. c2005.
300 ## - PHYSICAL DESCRIPTION
Extent xix, 663 p. :
Other physical details ill. ;
Dimensions 27 cm.
650 ## - SUBJECT ADDED ENTRY--TOPICAL TERM
Topical term or geographic name entry element Finite element method.
650 ## - SUBJECT ADDED ENTRY--TOPICAL TERM
Topical term or geographic name entry element Engineering mathematics.
Holdings
Withdrawn status Lost status Damaged status Not for loan Permanent Location Current Location Shelving location Date acquired Total Checkouts Full call number Barcode Date last seen Price effective from Koha item type
        School of Civil and Environmental Engineering (SCEE) School of Civil and Environmental Engineering (SCEE)       620.0015182 RAO NIT-4142 01/05/2017 01/05/2017 Book
© 2023 Central Library, National University of Sciences and Technology. All Rights Reserved.